Migración, libre comercio y cultura en El Salvador /

El autor, situándose en el caso salvadoreño, comenta una de las contradicciones más evidentes de los TLC: que promueven la libre circulación de mercancías mientras impiden la libre circulación de personas. Este ensayo refiere a la interacción cultural entre quienes habitan en El Salvador y la diáspo...

Ausführliche Beschreibung

Gespeichert in:
Bibliographische Detailangaben
1. Verfasser: Lara Martínez, Rafael
Format: Text
Schlagworte:
Tags: Tag hinzufügen
Keine Tags, Fügen Sie den ersten Tag hinzu!

MARC

LEADER 00000 a a2200000 04500
001 8888
003
040
100 |a Lara Martínez, Rafael  
245 |a Migración, libre comercio y cultura en El Salvador /  |c Rafael Lara Martínez 
520 |a El autor, situándose en el caso salvadoreño, comenta una de las contradicciones más evidentes de los TLC: que promueven la libre circulación de mercancías mientras impiden la libre circulación de personas. Este ensayo refiere a la interacción cultural entre quienes habitan en El Salvador y la diáspora salvadoreña, al papel de la cultura para enfrentar la violencia, así como las condiciones materiales que la alimentan. Reflexiona sobre la vida sociocultural del país y sus potenciales cambios en el marco del TLC. Critica esta propuesta de integración económica indiferente al desarrollo de democráticas políticas culturales y promotora de condiciones de vida generadoras de violencia. Como vía alterna propone el uso creativo de los recursos culturales  
650 |a MIGRACION  
650 |a GLOBALIZACION  
650 |a CULTURA  
650 |a TLC  
650 |a EL SALVADOR  
773 |g número 9 -10; páginas 77-87  
999 |c 22957  |d 22957